Nakhbul Mullah (Record no. 2136)
[ view plain ]
| 000 -LEADER | |
|---|---|
| fixed length control field | 00561nam a2200241 a 4500 |
| 020 ## - INTERNATIONAL STANDARD BOOK NUMBER | |
| ISBN | |
| 082 00 - DEWEY DECIMAL CLASSIFICATION NUMBER | |
| Classification number | 892.7 |
| Author Cutter | YOH |
| 100 ## - MAIN ENTRY--AUTHOR NAME | |
| Author name | Yohanna, Father |
| 245 ## - TITLE STATEMENT | |
| Title | Nakhbul Mullah |
| 260 ## - PUBLICATION, DISTRIBUTION, ETC. (IMPRINT) | |
| Place of publication | Beirut |
| Name of publisher | Al-Shabiyat Press |
| Year of publication | 1899 |
| 300 ## - PHYSICAL DESCRIPTION | |
| Number of Pages | 156p |
| 500 ## - GENERAL NOTE | |
| General note | includes index and biblioraphy |
| 505 2# - FORMATTED CONTENTS NOTE | |
| Formatted contents note | Index |
| 650 ## - SUBJECT ADDED ENTRY--TOPICAL TERM | |
| Topical Term | Arabic-Literature |
| 942 ## - ADDED ENTRY ELEMENTS (KOHA) | |
| Koha item type | Books |
| 700 1# - | |
| -- | Yohanna, Father |
| Home library | Current library | Date acquired | Cost, normal purchase price | Full call number | Accession Number | Koha item type |
|---|---|---|---|---|---|---|
| Henry Martyn Institute Library | Henry Martyn Institute Library | 100.00 | 892.7 YOH | 4356 | Archive Book | |
| Henry Martyn Institute Library | Henry Martyn Institute Library | 100.00 | 892.7 YOH | 4371 | Archive Book | |
| Henry Martyn Institute Library | Henry Martyn Institute Library | 100.00 | 892.7 YOH | 4372 | Archive Book | |
| Henry Martyn Institute Library | Henry Martyn Institute Library | 100.00 | 892.7 YOH | 4373 | Archive Book |
